| 000 | 03327cam a22004934i 4500 | ||
|---|---|---|---|
| 003 | PE-LiUPU | ||
| 005 | 20250731173051.0 | ||
| 008 | 180108s1996 r 000 0 spa d | ||
| 020 | _a9781532632952 | ||
| 035 | _a(Sirsi) a240907 | ||
| 082 | 0 | 4 |
_a241.0412092 _bT4 _220 |
| 245 |
_aTheology & ethics in paul and his interpreters: _bessays in honor of Victor Paul Furnish / _cEugene H. Lovering, Jr., Jerry L. Sumney. |
||
| 264 | 1 |
_aNashville : _bAbingdon Press, _c1996 |
|
| 300 |
_ax, 333 páginas : _bilustraciones ; _c23 centímetros. |
||
| 336 |
_atext _2rdacontent |
||
| 337 |
_aunmediated _2rdamedia |
||
| 338 |
_avolume _2rdacarrier |
||
| 504 | _aBibliografía al final de cada tema. | ||
| 504 | _aÍndices : páginas 320-333. | ||
| 505 | 0 |
_tAccountable self / Leander E. Keck -- _tPaul and the eschatological body / Robin Scroggs -- _tRole of scripture in Paul's ethics / Richard B. Hays -- _tCrucial event in the history of the law (Gal 5:14) / J. Louis Martyn -- _t"Law of faith," "the law of the Spirit" and "the law of Christ" / James D.G. Dunn -- _tPartner in the Gospel : Paul's understanding of his ministry / Morna D. Hooker -- _tMother's milk and ministry in 1 Corinthians 3 / Beverly Roberts Gaventa -- _tReasoning from the horizons of Paul's thought world : a comparison of Galatians and Philippians / J. Paul Sampley -- _tCotinuing quest for coherence in St. Paul : an experiment in thought / Paul J. Achtemeier -- _tChanges of thought in Pauline theology? : some reflections on Paul's ethical teaching in the context of his theology / Eduard Lohse -- _tDeuteropauline ethics : some observations / C.K. Barrett -- _t"He remains faithful" (2 Tim 2:13a) / Jouette M. Bassler -- Christ crucified in Paul and in Mark : reflections on an intracanonical conversation / C. Clifton Black -- _tLove command : John and Paul? / D. Moody Smith -- _tPaul and the domestication of Thomas / Harold W. Attridge -- _t"Haustafeln" and American slavery : a hermeneutical challenge / Wayne A. Meeks -- _tFate of Paul in nineteenth-century liberalism : Ritschl and Harnack / William Baird -- _tPauline mission and religious pluralism / Andreas Lindemann -- _tPaul in contemporary theology and ethics : presuppositions of critically appropriating Paul's letters today / Schubert M. Ogden -- _tBibliography : Pauline ethics, 1964-1994 / Wendell L. Willis. |
|
| 526 | _aSEG42 | ||
| 526 | _aSEG41 | ||
| 526 | _aSEG40 | ||
| 526 | _aSEG39 | ||
| 526 | _aP94 | ||
| 526 | _aP87 | ||
| 526 | _aP86 | ||
| 526 | _aP85 | ||
| 526 | _aP77 | ||
| 526 | _aP76 | ||
| 526 | _aP35 | ||
| 630 | 0 | 0 |
_aPaul, _cthe Apostle, Saint |
| 630 | 0 | 0 |
_aBible. _pNew Testament _pEpistles of Paul _xCriticism, interpretation, etc. |
| 630 | 0 | 0 |
_aPablo, _el apóstol, santo |
| 630 | 0 | 0 |
_aBiblia. _pNuevo Testamento _pEpístolas de Pablo _ xCrítica, interpretación, etc. |
| 700 | 1 | _aFurnish, Victor Paul | |
| 700 | 1 |
_aLovering, Eugene H., _d1952- , _eeditor. |
|
| 700 | 1 |
_aSumney, Jerry L., _eeditor. |
|
| 910 |
_adbm _bebj _cebj _d20180108 |
||
| 596 | _a1 | ||
| 942 |
_2ddc _cBOOK |
||
| 999 |
_a241.0412092 T4 _wDEWEY _c26603 _i77882 _f2021-11-10 _g5 _lCCODEBUL1 _mBUL _p24.60 _r0 _sY _tBOOK _u2018-1-8 _xTEOLOGIA _PP85 _0DONACION _o.STAFF. Colección Teología. _d26603 |
||
| 980 |
_81 _gALBERTO SANCHEZ Responsable de Automatización |
||